| 000 | 00841nam a22002057a 4500 | ||
|---|---|---|---|
| 999 |
_c11666 _d11666 |
||
| 003 | AR-CdUCM | ||
| 008 | 190404b ||||| |||| 00| 0 spa d | ||
| 040 |
_aMUNICIPALIDAD PROVINCIAL DEL CUSCO _cBIBLIOTECA MUNICIPAL DEL CUSCO |
||
| 082 |
_22 ed. _a301.987 / _bV24 / 1929 |
||
| 100 |
_aVallenilla Lanz, Laureano _929141 |
||
| 245 |
_aCesarismo democrático : _bEstudio sobre las bases sociológicas de la constitución efectiva de Venezuela / |
||
| 260 |
_aCaracas : _bUniversal, _c1929. |
||
| 300 |
_a341 páginas _c18 cm. |
||
| 505 | _aContenido : Prologo por el Doctor Antonio Gomez Restrepo -- Fue una guerra civil -- Los iniciadores de la revolución -- Los perjuicios de casta ... | ||
| 650 |
_aSociología _9276 |
||
| 650 |
_aDemocrático _929142 |
||
| 650 |
_aVenezuela _92312 |
||
| 942 |
_2ddc _cLIBROS |
||
| 945 |
_arah _d04/04/2019 |
||